JAKIE CHRUPIĄCE PRZEKĄSKI JEMY PODCZAS OGLĄDANIA MECZU W TV? - Statystyki

Ogólne statystyki
  • Ten quiz został rozwiązany 77 razy
  • Średni wynik to 4 z 6
Statystyki odpowiedzi
Odpowiedź % Poprawnych
CHIPSY
98%
PALUSZKI
85%
POPCORN
72%
ORZESZKI
62%
KRAKERSY
51%
NACHOS
37%
Nie znaleziono quizów pasujących do podanych kryteriów
Rozkład punktacji
Procent ludzi z każdym wynikiem
Percentyl według liczby udzielonych odpowiedzi
Twoja historia wyników
Nie rozwiązałeś tego quizu